000 00456nam a2200157 i 4500
001 145833
003 ES-MaACL
005 20230906201329.0
007 t|
008 071017s1973 sp ||||1| spa d
100 1 _aVergés, Salvador.
_9114112
245 1 3 _aLa imagen auténtica de Dios para el hombre de hoy /
_cSalvador Vergés, S.J.
260 _aBilbao :
_bMensajero,
_c[1973]
300 _a136 p. ;
_c18 cm.
852 _aES-MaACL
_jC-53117
_bR.85470
999 _c145833
_d145833